000
00342 a2200157 4500
001
62270
020
_a
9788506034699
040
_c
Anchieta - Pituba
100
_a
Vilela, Antonio Carlos
240
1
0
_a
Papo de família
_l
por
245
1
0
_a
Papo de família
300
_a
118
362
0
_a
2002
650
4
_a
Literatura juvenil
942
_c
BK
999
_c
62270
_d
62270